| Tag |
First Indicator |
Second Indicator |
Subfields |
| LEADER |
00000pam a22000004a 4500 |
| 001 |
in00001690021 |
| 005 |
20151024140014.0 |
| 008 |
020212s2002 gw a b 001 0 eng |
| 010 |
|
|
|a 2002020789
|
| 020 |
|
|
|a 3540432949 (alk. paper)
|
| 035 |
|
|
|a (OCoLC)ocm49284112
|
| 040 |
|
|
|a DLC
|c DLC
|d TXA
|d UtOrBLW
|
| 042 |
|
|
|a pcc
|
| 049 |
|
|
|a TXAM
|
| 050 |
0 |
0 |
|a QC174.13
|b .T56 2002
|
| 082 |
0 |
0 |
|a 530.12
|2 21
|
| 245 |
0 |
0 |
|a Time in quantum mechanics /
|c J.G. Muga, R. Sala Mayato, I.L. Egusquiza (eds.).
|
| 264 |
|
1 |
|a Berlin ;
|a New York :
|b Springer,
|c [2002]
|
| 264 |
|
4 |
|c ©2002
|
| 300 |
|
|
|a xii, 419 pages :
|b illustrations ;
|c 24 cm.
|
| 336 |
|
|
|a text
|b txt
|2 rdacontent
|
| 337 |
|
|
|a unmediated
|b n
|2 rdamedia
|
| 338 |
|
|
|a volume
|b nc
|2 rdacarrier
|
| 490 |
1 |
|
|a Lecture notes in physics,
|x 0940-7677 ;
|v m72
|
| 504 |
|
|
|a Includes bibliographical references and index.
|
| 650 |
|
0 |
|a Quantum theory.
|
| 650 |
|
0 |
|a Time measurements.
|
| 700 |
1 |
|
|a Muga, J. G.
|q (Juan Gonzalo),
|d 1961-
|
| 700 |
1 |
|
|a Sala Mayato, R.
|q (Rafael),
|d 1965-
|
| 700 |
1 |
|
|a Egusquiza, I. L.
|q (Iñigo L.),
|d 1965-
|
| 830 |
|
0 |
|a Lecture notes in physics.
|n New series m,
|p Monographs ;
|v m72.
|
| 948 |
|
|
|a cataloged
|b h
|c 2002/7/8
|d c
|e dmitchel
|f 10:44:20 am
|
| 994 |
|
|
|a E0
|b TXA
|
| 999 |
|
|
|a MARS
|
| 999 |
f |
f |
|s b8aa508c-fb71-3914-9d7c-b3b19f5dde92
|i dd31a237-2c68-3395-8709-a6aac8fd5208
|t 0
|
| 952 |
f |
f |
|p normal
|a Texas A&M University
|b College Station
|c Sterling C. Evans Library
|d Evans: Library Stacks
|t 0
|e QC174.13 .T56 2002
|h Library of Congress classification
|i unmediated -- volume
|m A14829205315
|
| 998 |
f |
f |
|a QC174.13 .T56 2002
|t 0
|l Evans: Library Stacks
|